| 000 | 00899nam a22002417a 4500 | ||
|---|---|---|---|
| 999 |
_c923 _d923 |
||
| 003 | AR-CdUCM | ||
| 008 | 190225b ||||| |||| 00| 0 spa d | ||
| 040 |
_aMUNICIPALIDAD PROVINCIAL DEL CUSCO _cBIBLIOTECA MUNICIPAL DEL CUSCO |
||
| 041 | _heng | ||
| 082 |
_a990 / _bG81 |
||
| 100 |
_aGriffith II, Samuel B. _93549 |
||
| 245 | _aLa Batalla de Guadalcanal | ||
| 260 |
_aMexico : _bHerrero, _c1966. |
||
| 300 |
_a268 páginas ; _b9 mapas, _c23 cm. |
||
| 505 | _a"Se rasura con soplete" -- "Güevos con biftec" -- Pesadilla en Nueva Zelandia, pesimismo en el Melbourne y fiasco en las Fijis -- "Una escuadra majestuosa" -- La lengua de hierro de medianoche... | ||
| 650 |
_aSegunda Guerra Mundial _93550 |
||
| 650 |
_aHistoria de Estados Unidos _93551 |
||
| 650 |
_aIslas Salomón _93552 |
||
| 650 |
_aMarine _93553 |
||
| 650 |
_aEjercito _93554 |
||
| 942 |
_2ddc _cLIBROS |
||
| 945 |
_admma _d2019-02-25 |
||